[Event "Canada Int. op U1800"]
[Site "Contrecoeur CAN"]
[Date "2022.10.08"]
[Round "3.41"]
[White "Bergeron, Rene"]
[Black "Crete, Mathys"]
[Result "0-1"]
[WhiteElo "1564"]
[BlackElo "1436"]
[PlyCount "56"]
[EventDate "2022.10.07"]
[EventType "swiss"]
[EventRounds "5"]
[EventCountry "CAN"]

1. c4 c6 2. Nc3 d5 3. cxd5 cxd5 4. d4 Nf6 5. g3 Nc6 6. Bg2 Bf5 7. a3 e6 8. Nf3
h6 9. O-O Bd6 10. Re1 O-O 11. Nh4 Bh7 12. e3 Ne4 13. Nxe4 dxe4 14. Bf1 Rc8 15.
b4 Be7 16. Ng2 Qb6 17. Bb2 Rfd8 18. Rc1 a6 19. Qg4 Bf5 20. Qe2 Bf6 21. Rc2 e5
22. b5 axb5 23. Qxb5 Qxb5 24. Bxb5 Nxd4 25. exd4 Rxc2 26. dxe5 Rxb2 27. a4 Bxe5
28. Ne3 Be6 0-1

[Event "Canada Int. op U1800"]
[Site "Contrecoeur CAN"]
[Date "2022.10.08"]
[Round "3.42"]
[White "Wen, Justin"]
[Black "Cote, Frederic"]
[Result "0-1"]
[WhiteElo "1383"]
[BlackElo "1564"]
[PlyCount "74"]
[EventDate "2022.10.07"]
[EventType "swiss"]
[EventRounds "5"]
[EventCountry "CAN"]

1. d4 Nf6 2. Nc3 e6 3. g4 Nxg4 4. h3 Qh4 5. hxg4 Qxh1 6. Nf3 Bb4 7. Bd2 Bxc3 8.
bxc3 b6 9. e4 Ba6 10. Nh2 Qxh2 11. Bxa6 Nxa6 12. Qe2 Qg1+ 13. Qf1 Qxf1+ 14.
Kxf1 c5 15. d5 c4 16. Re1 h5 17. g5 Nc5 18. f3 f6 19. g6 Ke7 20. Bf4 e5 21. Be3
Na4 22. Bd2 h4 23. Kg2 h3+ 24. Kh2 Rh5 25. Rg1 Rc8 26. Rb1 a5 27. a3 Rf8 28.
Be3 f5 29. Bxb6 Nxb6 30. Rxb6 fxe4 31. fxe4 Rf2+ 32. Kh1 h2 33. Re6+ dxe6 34.
d6+ Kd8 35. d7 Rf1+ 36. Kg2 h1=Q+ 37. Kg3 Qg1# 0-1

[Event "Canada Int. op U1800"]
[Site "Contrecoeur CAN"]
[Date "2022.10.08"]
[Round "3.43"]
[White "Fundaro, Jean-Pierre"]
[Black "Straehl, Patrick"]
[Result "0-1"]
[WhiteElo "1590"]
[BlackElo "1469"]
[PlyCount "72"]
[EventDate "2022.10.07"]
[EventType "swiss"]
[EventRounds "5"]
[EventCountry "CAN"]

1. e4 c5 2. Nc3 d6 3. Bb5+ Bd7 4. f4 e6 5. Nf3 Bxb5 6. Nxb5 a6 7. Nc3 Nf6 8.
O-O Be7 9. d3 O-O 10. Qe1 Nc6 11. a3 Qc7 12. Qg3 Rfe8 13. Qh3 Rad8 14. Be3 Bf8
15. g4 g6 16. f5 Bg7 17. fxg6 fxg6 18. Bg5 Rd7 19. Qh4 Rf7 20. Ne5 Nxe5 21.
Bxf6 Bxf6 22. Rxf6 Rxf6 23. Qxf6 Nxg4 24. Qg5 Ne5 25. Rf1 Rf8 26. Rxf8+ Kxf8
27. Qf6+ Qf7 28. Qd8+ Kg7 29. Qxd6 Qf4 30. Qxe6 Qc1+ 31. Kf2 Qxc2+ 32. Ne2
Nxd3+ 33. Kg3 Qxe2 34. Qe7+ Kh6 35. Qf8+ Kh5 36. h3 Qe3+ 0-1

[Event "Canada Int. op U1800"]
[Site "Contrecoeur CAN"]
[Date "2022.10.08"]
[Round "3.44"]
[White "Villeneuve, Denis"]
[Black "Dufresne, Maxime"]
[Result "1/2-1/2"]
[WhiteElo "1510"]
[BlackElo "1516"]
[PlyCount "76"]
[EventDate "2022.10.07"]
[EventType "swiss"]
[EventRounds "5"]
[EventCountry "CAN"]

1. e4 c5 2. Nf3 d6 3. c3 Nc6 4. d4 cxd4 5. cxd4 Nf6 6. Nc3 e6 7. Be2 a6 8. O-O
Be7 9. h3 O-O 10. a3 Bd7 11. d5 exd5 12. exd5 Na7 13. Be3 Re8 14. Re1 Bf8 15.
Rc1 Nc8 16. Qb3 b5 17. Bg5 Ne7 18. Bxf6 gxf6 19. Bd3 Bh6 20. Rcd1 Kh8 21. Ne4
Nc8 22. Re2 Rg8 23. Ng3 Bf4 24. Rde1 Qf8 25. Qb4 Bxg3 26. fxg3 Rxg3 27. Kh2 Rg8
28. Qh4 Qg7 29. Rf1 Ne7 30. Qd4 Bxh3 31. gxh3 Qg3+ 32. Kh1 Qg7 33. Rg1 Ng6 34.
Nh4 Qh6 35. Qxf6+ Rg7 36. Nf5 Qxh3+ 37. Rh2 Qf3+ 38. Rgg2 Qd1+ 1/2-1/2

[Event "Canada Int. op U1800"]
[Site "Contrecoeur CAN"]
[Date "2022.10.08"]
[Round "3.45"]
[White "Beauregard, Pascal"]
[Black "Aubut, Jean-Philippe"]
[Result "1/2-1/2"]
[WhiteElo "1512"]
[BlackElo "1351"]
[PlyCount "90"]
[EventDate "2022.10.07"]
[EventType "swiss"]
[EventRounds "5"]
[EventCountry "CAN"]

1. e4 c6 2. Nf3 d5 3. Nc3 Bg4 4. exd5 cxd5 5. d4 Nf6 6. h3 Bxf3 7. Qxf3 e6 8.
a3 Be7 9. Bd3 Nc6 10. Bb5 a6 11. Bxc6+ bxc6 12. O-O O-O 13. Bf4 Qb6 14. Rab1
Rfc8 15. Be5 Nd7 16. Qf4 Bf6 17. Bxf6 Nxf6 18. Na4 Qc7 19. Qxc7 Rxc7 20. Nc5
Nd7 21. Nxd7 Rxd7 22. Rfe1 Kf8 23. Re3 Rb7 24. Rc3 Rb6 25. Rc5 Ke7 26. b4 Kd6
27. f4 a5 28. Rb3 axb4 29. Rxb4 Rxb4 30. axb4 Ra4 31. c3 Ra2 32. Kh2 h6 33. Kg3
g5 34. fxg5 hxg5 35. Kf3 f5 36. g3 Ra1 37. b5 cxb5 38. Rxb5 Rc1 39. Rb3 Ke7 40.
h4 Kf6 41. hxg5+ Kxg5 42. Ra3 Rd1 43. Ke2 Rg1 44. Kf2 Rd1 45. Ke2 Rg1 1/2-1/2

[Event "Canada Int. op U1800"]
[Site "Contrecoeur CAN"]
[Date "2022.10.08"]
[Round "3.46"]
[White "Poulin, Richard"]
[Black "Coulombe, David"]
[Result "1-0"]
[WhiteElo "1471"]
[BlackElo "1512"]
[PlyCount "97"]
[EventDate "2022.10.07"]
[EventType "swiss"]
[EventRounds "5"]
[EventCountry "CAN"]

1. e4 e5 2. Nf3 Nc6 3. d4 d6 4. dxe5 dxe5 5. Qxd8+ Nxd8 6. Nxe5 Bd6 7. Nc4 Nc6
8. Nxd6+ cxd6 9. Bf4 Nb4 10. Na3 Nf6 11. Bxd6 Nc6 12. e5 Ne4 13. Nb5 Nxd6 14.
Nxd6+ Ke7 15. f4 Nb4 16. Kd2 Rd8 17. a3 Nc6 18. Bd3 f6 19. Nxc8+ Raxc8 20.
exf6+ Kxf6 21. Rad1 g6 22. Kc1 Rd4 23. g3 Rcd8 24. Rhe1 a6 25. Be4 Rxd1+ 26.
Rxd1 Rxd1+ 27. Kxd1 h5 28. Bxc6 bxc6 29. Ke2 Kf5 30. Kf3 c5 31. h3 c4 32. g4+
hxg4+ 33. hxg4+ Ke6 34. Ke4 Kd6 35. Kd4 c3 36. bxc3 a5 37. c4 a4 38. c5+ Kc6
39. c4 Kb7 40. Kd5 Kc7 41. c6 g5 42. f5 Kd8 43. Kd6 Kc8 44. f6 Kb8 45. f7 Ka7
46. f8=Q Kb6 47. Qb8+ Ka6 48. Qb5+ Ka7 49. Qb7# 1-0

[Event "Canada Int. op U1800"]
[Site "Contrecoeur CAN"]
[Date "2022.10.09"]
[Round "4.31"]
[White "Gonzalez, Daniel"]
[Black "Longpre, Martin"]
[Result "1-0"]
[WhiteElo "1780"]
[BlackElo "1600"]
[PlyCount "99"]
[EventDate "2022.10.07"]
[EventType "swiss"]
[EventRounds "5"]
[EventCountry "CAN"]

1. c4 Nf6 2. g3 e6 3. Bg2 d5 4. cxd5 exd5 5. Nf3 Nc6 6. O-O Be7 7. d3 O-O 8. a3
a5 9. b3 h6 10. Bb2 Bc5 11. Qc2 Bb6 12. Nc3 Ne7 13. Na4 Nd7 14. Nxb6 Nxb6 15.
Qc3 f6 16. e4 Bg4 17. Nd4 Qd7 18. f3 Bh5 19. Rae1 Kh8 20. e5 Ng8 21. exf6 Nxf6
22. g4 Bg6 23. g5 hxg5 24. Ne6 Rf7 25. Nxg5 Re7 26. Bh3 Qd6 27. Rxe7 Qxe7 28.
Re1 Ne4 29. Nxe4 dxe4 30. dxe4 a4 31. b4 Rf8 32. Qe3 Nc4 33. Qh6+ Bh7 34. Qc1
Nxb2 35. Qxb2 Rxf3 36. Bg2 Rf4 37. Qc2 c6 38. Qe2 Qg5 39. Kh1 Qe5 40. Bf3 b6
41. Qd3 Bg6 42. Bg2 c5 43. bxc5 bxc5 44. Qd5 Qc3 45. Rd1 Qxa3 46. Qg5 Bxe4 47.
Qxf4 Bxg2+ 48. Kxg2 Qb4 49. Qxb4 cxb4 50. Rd4 1-0

[Event "Canada Int. op U1800"]
[Site "Contrecoeur CAN"]
[Date "2022.10.09"]
[Round "4.32"]
[White "Li, James"]
[Black "Brassard, Sylvain"]
[Result "1/2-1/2"]
[WhiteElo "1008"]
[BlackElo "1721"]
[PlyCount "198"]
[EventDate "2022.10.07"]
[EventType "swiss"]
[EventRounds "5"]
[EventCountry "CAN"]

1. d4 d5 2. c4 Nc6 3. Nc3 e5 4. cxd5 Nxd4 5. e3 Nf5 6. Nf3 Bd6 7. Be2 Nf6 8. e4
Ne7 9. O-O O-O 10. Ne1 c6 11. dxc6 Nxc6 12. Nc2 h6 13. f4 exf4 14. Bxf4 Bxf4
15. Qxd8 Bxh2+ 16. Kxh2 Rxd8 17. Rad1 Bg4 18. Bxg4 Nxg4+ 19. Kg1 Nce5 20. Nd5
Rac8 21. Ne7+ Kf8 22. Nxc8 Rxc8 23. Rd2 Nc4 24. Re2 Nxb2 25. Rb1 Na4 26. Rxb7
Nc3 27. Re1 Nxa2 28. Ne3 Nxe3 29. Rxe3 Rc3 30. Re2 Nc1 31. Rd2 Nd3 32. Rxa7 g6
33. Rb7 Rc1+ 34. Kh2 Rc3 35. Ra2 Ne5 36. g3 Re3 37. Ra4 Nf3+ 38. Kg2 Ng5 39.
Rbb4 Re2+ 40. Kf1 Rc2 41. Rb5 Rc1+ 42. Kf2 Rc2+ 43. Ke3 Rc3+ 44. Kf4 Nh3+ 45.
Ke5 Rxg3 46. Kf6 Rf3+ 47. Rf5 Rxf5+ 48. exf5 Ke8 49. fxg6 fxg6 50. Kxg6 Ke7 51.
Kxh6 Ke6 52. Kh5 Nf2 53. Kg5 Ke5 54. Ra1 Ne4+ 55. Kg4 Nf6+ 56. Kf3 Nd5 57. Re1+
Kd4 58. Re8 Kc4 59. Re4+ Kc5 60. Ra4 Kd6 61. Rc4 Ke5 62. Ke2 Nf4+ 63. Ke3 Nd5+
64. Kd3 Nf4+ 65. Ke3 Nd5+ 66. Kf3 Kd6 67. Ke4 Nf6+ 68. Kd4 Ke6 69. Rc5 Kd6 70.
Re5 Nd7 71. Ra5 Kc6 72. Rd5 Kc7 73. Rg5 Kd6 74. Rg6+ Ke7 75. Kd5 Nf6+ 76. Ke5
Nd7+ 77. Kf5 Kd8 78. Rg7 Ke8 79. Ke6 Nc5+ 80. Kd6 Ne4+ 81. Kd5 Kf8 82. Rc7 Ng5
83. Ke5 Nf3+ 84. Ke4 Ng5+ 85. Kf5 Nf3 86. Rd7 Nh4+ 87. Kg5 Nf3+ 88. Kf4 Nh4 89.
Rd3 Kf7 90. Rh3 Ng6+ 91. Kf5 Ne7+ 92. Kg5 Nd5 93. Rd3 Ne7 94. Rf3+ Ke8 95. Ra3
Kf7 96. Rd3 Ng8 97. Kf5 Ne7+ 98. Ke5 Ng6+ 99. Kd5 Ne7+ 1/2-1/2

[Event "Canada Int. op U1800"]
[Site "Contrecoeur CAN"]
[Date "2022.10.09"]
[Round "4.33"]
[White "Clavel, Mathias"]
[Black "Avarian, Aram Sevag"]
[Result "1-0"]
[WhiteElo "1677"]
[BlackElo "1665"]
[PlyCount "174"]
[EventDate "2022.10.07"]
[EventType "swiss"]
[EventRounds "5"]
[EventCountry "CAN"]

1. c4 c5 2. g3 g6 3. Bg2 Bg7 4. Nc3 Nc6 5. Nf3 d6 6. O-O e5 7. d3 Nge7 8. Rb1
O-O 9. a3 a5 10. Ne1 f5 11. Bg5 Bf6 12. Bh6 Bg7 13. Bg5 Bf6 14. Bh6 Bg7 15. Qd2
a4 16. Bg5 Bf6 17. Bxf6 Rxf6 18. Nc2 Qf8 19. f4 Be6 20. b3 axb3 21. Rxb3 Bc8
22. Rfb1 Qd8 23. Nd5 Nxd5 24. Bxd5+ Kh8 25. Rb6 Qc7 26. Qc3 Ra7 27. e3 Nb4 28.
Rb5 Nxd5 29. cxd5 Bd7 30. Rb6 Rf8 31. fxe5 dxe5 32. d6 Qc8 33. Qxe5+ Kg8 34.
Qd5+ Be6 35. Qg2 Rf7 36. d4 Rd7 37. d5 Bf7 38. e4 fxe4 39. Qxe4 Qd8 40. Qe5 Qc8
41. Ne3 Ra4 42. Qg5 Qd8 43. Qxd8+ Rxd8 44. R1b3 Rd4 45. Rxb7 Rxd6 46. Rc7 Rd8
47. Rxc5 Bxd5 48. Nxd5 R4xd5 49. Rxd5 Rxd5 50. a4 Rd2 51. Ra3 Kf7 52. a5 Rd7
53. a6 Ra7 54. Kf2 Ke6 55. Ke3 Ke5 56. Ra5+ Kd6 57. Kd4 Kc6 58. Ke5 Kb6 59. Ra2
Kc7 60. Kf6 Kb8 61. Ke6 Ka8 62. Kd6 Rf7 63. Ra4 Ka7 64. Rf4 Rg7 65. Ra4 g5 66.
Ke6 Rg6+ 67. Kf5 Rh6 68. Ra2 Rg6 69. g4 Rg7 70. h3 Rg6 71. Ke5 Rg7 72. Ra1 Rg6
73. Ra5 Rg7 74. Kf6 Rg6+ 75. Kf7 Rh6 76. Ra3 Rg6 77. Kf8 h6 78. Kf7 Rc6 79. Kg7
Rb6 80. Rf3 Rxa6 81. Rf6 Ra5 82. Rxh6 Kb7 83. Kg6 Kc6 84. Rh5 Kd6 85. Rxg5 Ra3
86. h4 Ke7 87. Rf5 Re3 1-0

[Event "Canada Int. op U1800"]
[Site "Contrecoeur CAN"]
[Date "2022.10.09"]
[Round "4.34"]
[White "Cassista, Jeremie"]
[Black "Morais, Antoine"]
[Result "0-1"]
[WhiteElo "1745"]
[BlackElo "1474"]
[PlyCount "70"]
[EventDate "2022.10.07"]
[EventType "swiss"]
[EventRounds "5"]
[EventCountry "CAN"]

1. e4 e5 2. b3 Nf6 3. Bd3 Nc6 4. Nf3 d5 5. exd5 Nxd5 6. O-O Bg4 7. Re1 Be7 8.
Ba3 Ndb4 9. Bb5 a6 10. Bxc6+ Nxc6 11. Bxe7 Qxe7 12. d3 O-O-O 13. Nbd2 Nd4 14.
Rxe5 Qxe5 15. Nxe5 Bxd1 16. Rxd1 Rhf8 17. Ndc4 f6 18. Nf3 Nxc2 19. Rd2 Nb4 20.
d4 Nd5 21. Kf1 Rfe8 22. g3 Kb8 23. Nb2 b5 24. Nd3 Kb7 25. Nc5+ Kb6 26. a4 Ra8
27. Rc2 Re7 28. Nd2 Rae8 29. a5+ Kxa5 30. Ra2+ Kb4 31. Nxa6+ Kc3 32. Nc5 Kxd4
33. Nde4 Rxe4 34. Nxe4 Rxe4 35. Rd2+ Kc5 0-1

[Event "Canada Int. op U1800"]
[Site "Contrecoeur CAN"]
[Date "2022.10.09"]
[Round "4.35"]
[White "Nica, Ion"]
[Black "Ilustrisimo, Alfredo Jr"]
[Result "1-0"]
[WhiteElo "1718"]
[BlackElo "1556"]
[PlyCount "73"]
[EventDate "2022.10.07"]
[EventType "swiss"]
[EventRounds "5"]
[EventCountry "CAN"]

1. b3 Nf6 2. Bb2 c5 3. e3 d6 4. f4 Nc6 5. Nf3 Bg4 6. Be2 e6 7. O-O g6 8. d3 Bg7
9. h3 Bxf3 10. Bxf3 Qc7 11. Nc3 a6 12. Qe1 O-O-O 13. a3 d5 14. Na4 Na7 15. Be5
Qc6 16. Qa5 b5 17. Nxc5 Qxc5 18. Qxa6+ Kd7 19. Bd4 Qc6 20. Qxa7+ Ke8 21. Qc5
Qxc5 22. Bxc5 Nd7 23. Bd4 Bxd4 24. exd4 Rc8 25. Rfc1 Rc3 26. a4 b4 27. a5 Ke7
28. Kf2 Nb8 29. Ke3 Rhc8 30. Bd1 Na6 31. Kd2 h6 32. g4 R8c7 33. Ra2 f5 34. gxf5
exf5 35. Bf3 Kd6 36. Re1 Kc6 37. Re6+ 1-0

[Event "Canada Int. op U1800"]
[Site "Contrecoeur CAN"]
[Date "2022.10.09"]
[Round "4.36"]
[White "Crete, Mathys"]
[Black "Potvin, Alain-Nicolas"]
[Result "0-1"]
[WhiteElo "1436"]
[BlackElo "1680"]
[PlyCount "134"]
[EventDate "2022.10.07"]
[EventType "swiss"]
[EventRounds "5"]
[EventCountry "CAN"]

1. d4 g6 2. c4 Nf6 3. Nc3 Bg7 4. e4 d6 5. Nf3 O-O 6. Be2 Na6 7. O-O e5 8. Be3
Ng4 9. Bg5 Qe8 10. h3 exd4 11. Nxd4 Nf6 12. f3 Nh5 13. Be3 f5 14. Qd2 f4 15.
Bf2 Qe5 16. Rfe1 c6 17. Rad1 Qg5 18. h4 Qe7 19. Nc2 Ng3 20. Bxg3 fxg3 21. Qg5
Bf6 22. Qd2 Be5 23. Qg5 Qg7 24. Qd2 Bf4 25. Qd4 Qe7 26. Ne3 Qxh4 27. Nf1 Be5
28. Qe3 Bf4 29. Qd4 Qe7 30. c5 Nxc5 31. Bc4+ Be6 32. Ne2 Be5 33. Bxe6+ Qxe6 34.
Qe3 Bxb2 35. Nfxg3 Bg7 36. Nf4 Qf7 37. Nge2 Be5 38. Nh3 Ne6 39. f4 Nxf4 40.
Nexf4 Bxf4 41. Qxf4 Qxf4 42. Nxf4 Rxf4 43. Rxd6 Re8 44. e5 Rf7 45. e6 Rfe7 46.
Kf2 Kg7 47. Kf3 Kf6 48. Kg4 Rxe6 49. Rf1+ Kg7 50. Rd7+ R8e7 51. Rd8 Rf7 52.
Rfd1 b6 53. Rc8 c5 54. Rdd8 Ree7 55. Kg5 h6+ 56. Kg4 Rc7 57. Rg8+ Kf6 58. Rcd8
Rc6 59. Rd3 c4 60. Rf3+ Ke7 61. Re3+ Kd7 62. Ree8 c3 63. Rd8+ Kc7 64. Rb8 c2
65. Rgc8+ Kd6 66. Rxc6+ Kxc6 67. Rc8+ Rc7 0-1

[Event "Canada Int. op U1800"]
[Site "Contrecoeur CAN"]
[Date "2022.10.09"]
[Round "4.37"]
[White "Cote, Frederic"]
[Black "Peloquin, Charli"]
[Result "0-1"]
[WhiteElo "1564"]
[BlackElo "1459"]
[PlyCount "64"]
[EventDate "2022.10.07"]
[EventType "swiss"]
[EventRounds "5"]
[EventCountry "CAN"]

1. e4 c6 2. d4 d5 3. e5 c5 4. dxc5 Nc6 5. Bb5 Qa5+ 6. Nc3 e6 7. a3 Bxc5 8. Bd2
Qc7 9. f4 Nh6 10. g4 Bd7 11. Nh3 a6 12. Bd3 b5 13. g5 Ng8 14. b4 Bb6 15. Qh5
Nge7 16. Bxb5 g6 17. Qg4 axb5 18. Nxb5 Qb8 19. Nd6+ Kf8 20. b5 Nd4 21. Ra2 Nxb5
22. Bb4 Nxd6 23. Bxd6 Ba5+ 24. Kf2 Bc6 25. Bb4 Ke8 26. Rc1 Nf5 27. c3 Bb6+ 28.
Ke1 Bb5 29. Nf2 Qc7 30. a4 Qc4 31. Nd3 Qxd3 32. axb5 Rxa2 0-1

[Event "Canada Int. op U1800"]
[Site "Contrecoeur CAN"]
[Date "2022.10.09"]
[Round "4.38"]
[White "Grenier, Jean-Michel"]
[Black "Tachijian, Mardig"]
[Result "1-0"]
[WhiteElo "1581"]
[BlackElo "1571"]
[PlyCount "83"]
[EventDate "2022.10.07"]
[EventType "swiss"]
[EventRounds "5"]
[EventCountry "CAN"]

1. d4 c6 2. c4 d5 3. Nc3 Nf6 4. Nf3 g6 5. Bg5 Bg7 6. e3 O-O 7. Bd3 Na6 8. O-O
Nc7 9. cxd5 cxd5 10. Rc1 Bg4 11. Be2 Ne6 12. Bxf6 Bxf6 13. Qb3 Nc7 14. Qxb7 Qd7
15. Qb3 Rfb8 16. Qc2 Ne8 17. b3 e6 18. Na4 a5 19. Nc5 Qa7 20. h3 Bxf3 21. Bxf3
Rc8 22. Qd2 Be7 23. Nd3 Bb4 24. Qb2 Nd6 25. a3 Bxa3 26. Qxa3 Nb5 27. Qb2 Rcb8
28. Nc5 Nd6 29. Ra1 Qb6 30. Ra4 Qb5 31. Be2 Qe8 32. Rfa1 Qd8 33. Qd2 Ne4 34.
Nxe4 dxe4 35. Bc4 Rb4 36. Rxb4 axb4 37. Rxa8 Qxa8 38. Qxb4 Qa1+ 39. Kh2 Qb2 40.
Qb8+ Kg7 41. Qf4 Qc2 42. d5 1-0

[Event "Canada Int. op U1800"]
[Site "Contrecoeur CAN"]
[Date "2022.10.09"]
[Round "4.39"]
[White "Bilodeau-Savaria, Sandy-Rose"]
[Black "Straehl, Patrick"]
[Result "1-0"]
[WhiteElo "1548"]
[BlackElo "1469"]
[PlyCount "69"]
[EventDate "2022.10.07"]
[EventType "swiss"]
[EventRounds "5"]
[EventCountry "CAN"]

1. d4 d5 2. Bf4 c5 3. e3 Nf6 4. Nf3 Qb6 5. b3 Bg4 6. Be2 e6 7. O-O Nc6 8. c3
Be7 9. Nbd2 O-O 10. h3 Bh5 11. g4 Bg6 12. Nh4 Be4 13. g5 Nd7 14. Nxe4 dxe4 15.
Qc2 Qd8 16. Qxe4 Bxg5 17. Bd3 g6 18. Nf3 Bxf4 19. Qxf4 cxd4 20. cxd4 Qf6 21.
Qg3 Rac8 22. Be4 b6 23. Qd6 Ndb8 24. Rfc1 Rfd8 25. Qa3 a5 26. Qa4 Nb4 27. a3
Nd3 28. Rxc8 Rxc8 29. Qb5 Rc3 30. Qe8+ Kg7 31. Qxb8 Nc5 32. dxc5 Rxc5 33. Rd1
Rh5 34. Qd8 Qb2 35. Qd4+ 1-0

[Event "Canada Int. op U1800"]
[Site "Contrecoeur CAN"]
[Date "2022.10.09"]
[Round "4.40"]
[White "Alcantara, Maximo jr"]
[Black "Bergeron, Rene"]
[Result "1/2-1/2"]
[WhiteElo "1703"]
[BlackElo "1564"]
[PlyCount "102"]
[EventDate "2022.10.07"]
[EventType "swiss"]
[EventRounds "5"]
[EventCountry "CAN"]

1. Nf3 d5 2. d4 Nc6 3. c3 Nf6 4. g3 Bg4 5. Bg2 Qd7 6. O-O Bh3 7. Re1 Bxg2 8.
Kxg2 O-O-O 9. Nbd2 h5 10. e4 dxe4 11. Nxe4 Nxe4 12. Rxe4 f6 13. Qb3 Kb8 14. Qe6
Qe8 15. Nh4 g6 16. Bd2 Rd6 17. Qb3 Na5 18. Qc2 f5 19. Re5 Nc4 20. Rc5 Nxd2 21.
Qxd2 b6 22. Re5 Bg7 23. Re2 e5 24. Qd3 Qc6+ 25. Qf3 Qxf3+ 26. Nxf3 exd4 27.
cxd4 Bxd4 28. Rd1 c5 29. Ng5 Rc8 30. b3 Rcc6 31. Re7 Bf6 32. Re8+ Kb7 33. Rxd6
Rxd6 34. Re6 Rxe6 35. Nxe6 g5 36. f4 g4 37. Ng5 b5 38. Nf7 Kc6 39. Nh6 c4 40.
bxc4 bxc4 41. Kf2 Kd5 42. Nxf5 a5 43. Ne3+ Kd4 44. Nc2+ Ke4 45. Na3 Bd4+ 46.
Ke2 Bg1 47. Nc2 Bxh2 48. Kf2 Kd3 49. Ne1+ Ke4 50. Kg2 Bxg3 51. Kxg3 Kf5 {...}
1/2-1/2

[Event "Canada Int. op U1800"]
[Site "Contrecoeur CAN"]
[Date "2022.10.09"]
[Round "4.41"]
[White "Poirier, Vincent"]
[Black "Michaud, Jean-Francois"]
[Result "1-0"]
[WhiteElo "1656"]
[BlackElo "1537"]
[PlyCount "77"]
[EventDate "2022.10.07"]
[EventType "swiss"]
[EventRounds "5"]
[EventCountry "CAN"]

1. e4 e5 2. Nc3 d6 3. Bc4 h6 4. d3 Nf6 5. f4 Nc6 6. Nf3 Bg4 7. h3 Bxf3 8. Qxf3
Nd4 9. Qd1 Be7 10. O-O c6 11. Ne2 O-O 12. Nxd4 exd4 13. e5 Ne8 14. Qh5 d5 15.
Bb3 f6 16. Bd2 Kh7 17. c3 g6 18. Qe2 fxe5 19. fxe5 Ng7 20. Rxf8 Qxf8 21. Rf1
Qg8 22. Qg4 Ne6 23. c4 h5 24. Qg3 dxc4 25. Bxc4 b5 26. Bb3 Kg7 27. Qf3 Rf8 28.
Qxc6 Rxf1+ 29. Kxf1 Qf8+ 30. Kg1 Nf4 31. Qe4 g5 32. Bxf4 Qxf4 33. Qxf4 gxf4 34.
Kf2 Kg6 35. Be6 Kg5 36. Kf3 Bc5 37. h4+ Kxh4 38. Kxf4 Bb6 39. g3# 1-0

[Event "Canada Int. op U1800"]
[Site "Contrecoeur CAN"]
[Date "2022.10.09"]
[Round "4.42"]
[White "Bilodeau-Savaria, Carl"]
[Black "Poulin, Richard"]
[Result "1-0"]
[WhiteElo "1568"]
[BlackElo "1471"]
[PlyCount "49"]
[EventDate "2022.10.07"]
[EventType "swiss"]
[EventRounds "5"]
[EventCountry "CAN"]

1. d4 f5 2. c4 Nf6 3. g3 g6 4. Bg2 Bg7 5. Nc3 d6 6. Nh3 O-O 7. O-O c6 8. d5 e5
9. Qb3 Qe8 10. Qa3 Qe7 11. Rd1 c5 12. e4 f4 13. gxf4 Bxh3 14. Bxh3 Nh5 15. Be6+
Kh8 16. f5 Qh4 17. Rd3 Na6 18. Qb3 b6 19. Nb5 Nf6 20. Rh3 Qxe4 21. Nxd6 Qe1+
22. Kg2 Ne4 23. Rxh7+ Kxh7 24. Qh3+ Bh6 25. Qxh6# 1-0

[Event "Canada Int. op U1800"]
[Site "Contrecoeur CAN"]
[Date "2022.10.09"]
[Round "4.43"]
[White "Beauregard, Pascal"]
[Black "Wen, Justin"]
[Result "1-0"]
[WhiteElo "1512"]
[BlackElo "1383"]
[PlyCount "81"]
[EventDate "2022.10.07"]
[EventType "swiss"]
[EventRounds "5"]
[EventCountry "CAN"]

1. e4 Nf6 2. Nc3 d6 3. g3 g6 4. Bg2 Bg7 5. d3 Nbd7 6. Be3 O-O 7. h3 c6 8. Qd2
e5 9. Nge2 Re8 10. O-O Qc7 11. f4 Nf8 12. fxe5 dxe5 13. Bg5 N6d7 14. Kh2 f6 15.
Be3 Ne6 16. Nd1 Ndf8 17. c3 Bh8 18. Nf2 f5 19. exf5 gxf5 20. h4 h5 21. Bh3 f4
22. gxf4 Ng6 23. Rg1 Kf7 24. f5 e4+ 25. Nf4 Nexf4 26. fxg6+ Nxg6+ 27. Kh1 Bf6
28. Bxc8 Raxc8 29. Nxe4 Re6 30. Raf1 Rxe4 31. dxe4 Qe5 32. Bd4 Qxe4+ 33. Qg2
Qxh4+ 34. Qh2 Qe4+ 35. Rg2 Rf8 36. Rxf6+ Ke7 37. Qd6+ Ke8 38. Re6+ Kf7 39. Rxe4
Rg8 40. Rf2+ Nf4 41. Rfxf4# 1-0

[Event "Canada Int. op U1800"]
[Site "Contrecoeur CAN"]
[Date "2022.10.09"]
[Round "4.44"]
[White "Dufresne, Maxime"]
[Black "Fundaro, Jean-Pierre"]
[Result "0-1"]
[WhiteElo "1516"]
[BlackElo "1590"]
[PlyCount "90"]
[EventDate "2022.10.07"]
[EventType "swiss"]
[EventRounds "5"]
[EventCountry "CAN"]

1. e4 c6 2. d4 d5 3. e5 Bf5 4. h4 h5 5. Bd3 Bxd3 6. Qxd3 e6 7. Bg5 Be7 8. Nf3
Qa5+ 9. Nbd2 Qa6 10. Qxa6 Nxa6 11. c3 c5 12. a3 c4 13. Nf1 Nh6 14. Bf4 Kd7 15.
Ke2 Rac8 16. Re1 Nb8 17. Kd1 Nc6 18. Ne3 a5 19. Nc2 b5 20. g3 Rb8 21. Bg5 Rb7
22. Kc1 b4 23. Bxe7 Kxe7 24. axb4 axb4 25. cxb4 Nxb4 26. Nxb4 Rxb4 27. Kc2 Rhb8
28. Rb1 Nf5 29. Rhd1 Rb3 30. Ng1 f6 31. Ne2 Rf3 32. Rf1 fxe5 33. dxe5 d4 34.
Kc1 Rfb3 35. Nf4 c3 36. Kc2 Rxb2+ 37. Rxb2 Rxb2+ 38. Kd3 Rd2+ 39. Kc4 c2 40.
Rc1 Rxf2 41. Nd3 Rd2 42. Nf4 Nxg3 43. Kb3 Ne2 44. Rxc2 Rxc2 45. Kxc2 Nxf4 0-1

[Event "Canada Int. op U1800"]
[Site "Contrecoeur CAN"]
[Date "2022.10.09"]
[Round "4.45"]
[White "Aubut, Jean-Philippe"]
[Black "Villeneuve, Denis"]
[Result "1/2-1/2"]
[WhiteElo "1351"]
[BlackElo "1510"]
[PlyCount "74"]
[EventDate "2022.10.07"]
[EventType "swiss"]
[EventRounds "5"]
[EventCountry "CAN"]

1. d4 Nf6 2. c4 e5 3. dxe5 Ng4 4. Bf4 Nc6 5. Nf3 Bb4+ 6. Nbd2 Qe7 7. e3 Ncxe5
8. Nxe5 Nxe5 9. Be2 d6 10. O-O Ng6 11. Bg3 h5 12. h3 h4 13. Bh2 Bxd2 14. Qxd2
Be6 15. Rac1 Rd8 16. Qc2 Ne5 17. b3 g5 18. Bxe5 dxe5 19. f3 Kd7 20. Rfd1+ Kc8
21. Qc3 Bd7 22. b4 f5 23. b5 c5 24. Rd5 Rhe8 25. Qa3 Kb8 26. Qxc5 Qxc5 27. Rxc5
Bc8 28. Rd1 Rxd1+ 29. Bxd1 Rd8 30. Rd5 Rxd5 31. cxd5 Kc7 32. Kf2 Kd6 33. e4 f4
34. Ke2 Kc5 35. a4 Kd4 36. Kd2 b6 37. Be2 Bd7 1/2-1/2

[Event "Canada Int. op U1800"]
[Site "Contrecoeur CAN"]
[Date "2022.10.09"]
[Round "5.31"]
[White "Clavel, Mathias"]
[Black "Gonzalez, Daniel"]
[Result "0-1"]
[WhiteElo "1677"]
[BlackElo "1780"]
[PlyCount "124"]
[EventDate "2022.10.07"]
[EventType "swiss"]
[EventRounds "5"]
[EventCountry "CAN"]

1. c4 Nf6 2. Nc3 g6 3. d4 Bg7 4. e4 d6 5. f3 O-O 6. Be3 Na6 7. Qd2 c5 8. d5 e6
9. Bd3 exd5 10. cxd5 Nd7 11. Bxa6 bxa6 12. Nge2 Ne5 13. b3 Bd7 14. O-O Bb5 15.
a4 Bxe2 16. Nxe2 a5 17. Rab1 Nd7 18. Bh6 Qb6 19. Bxg7 Kxg7 20. Kh1 Rab8 21. Nf4
Rfc8 22. h4 h5 23. Rg1 Ne5 24. Nh3 Qd8 25. Ng5 c4 26. f4 Ng4 27. e5 cxb3 28.
Rgf1 Rc2 29. Qd4 Qb6 30. Qxb6 Rxb6 31. e6 fxe6 32. Nxe6+ Kg8 33. Nd4 Rc3 34.
Rf3 Rxf3 35. gxf3 Nf2+ 36. Kg2 Nd3 37. Rxb3 Rxb3 38. Nxb3 Nxf4+ 39. Kf2 Nxd5
40. Nxa5 Nb4 41. Ke3 Kf7 42. Kd4 Ke6 43. Kc4 Nd5 44. Nc6 Ne3+ 45. Kd3 Nf5 46.
Nxa7 Nxh4 47. Ke2 Nf5 48. Nb5 Kd5 49. Kd3 Ne7 50. Ke3 Kc5 51. Ke4 d5+ 52. Ke5
Nc6+ 53. Kf4 Kb4 54. Kg5 d4 55. Nd6 d3 56. Ne4 Ne5 57. f4 Nf3+ 58. Kxg6 h4 59.
f5 h3 60. Nf2 d2 61. f6 Ne5+ 62. Kf5 Nf7 0-1

[Event "Canada Int. op U1800"]
[Site "Contrecoeur CAN"]
[Date "2022.10.09"]
[Round "5.32"]
[White "Brassard, Sylvain"]
[Black "Longpre, Martin"]
[Result "1-0"]
[WhiteElo "1721"]
[BlackElo "1600"]
[PlyCount "45"]
[EventDate "2022.10.07"]
[EventType "swiss"]
[EventRounds "5"]
[EventCountry "CAN"]

1. d4 Nf6 2. Bf4 d5 3. e3 e6 4. Nf3 g6 5. h3 Bg7 6. c3 Nbd7 7. Nbd2 O-O 8. Bd3
c5 9. O-O b6 10. Bd6 Re8 11. Bb5 Bb7 12. Ne5 Qc8 13. Nxd7 Nxd7 14. Qa4 Nf6 15.
Bxe8 Nxe8 16. dxc5 Nxd6 17. cxd6 Bc6 18. Qf4 Bf8 19. e4 dxe4 20. Nxe4 Bxe4 21.
Qxe4 Bxd6 22. Rad1 Qf8 23. Rxd6 1-0